000 01236nam a22002177a 4500
999 _c12273
_d12273
003 AR-CdUCM
008 190408b ||||| |||| 00| 0 spa d
040 _aMUNICIPALIDAD PROVINCIAL DEL CUSCO
_cBIBLIOTECA MUNICIPAL DEL CUSCO
082 _a540 /
_bL31 / 1798
100 _aLavoisier.
_930041
245 _aTratado elemental de química /
260 _aMadri :
_bImprenta Real,
_c1798.
300 _a2 Tomos ;
_c19 cm.
505 _aContenido : t.1 : De la formación de fluidos aeriformes, y de su descomposición -- De las combinaciones del calórico, y de las formación de los fluidos elásticos aeriformes -- Ideas generales sobre la formación y constitución de atmósfera -- Nomenclatura de las diferentes partes constitutivas del ayre de la atmósfera -- t.2 : Descripción de los aparatos y de las operaciones manuales de la química -- De los instrumentos propios para determinar el peso absoluto y especifico de los cuerpos sólidos y líquidos -- Del gasometro -- De algunos otros medios de medir el volumen de los gases...
650 _aQuimica
_94512
650 _aGases nobles
_930042
650 _aAtmosfera
_926110
650 _aNomenclatura de acidos
_930043
942 _2ddc
_cLIBROS
945 _awnts
_d201-04-08